|
|
|
|
| LEADER |
00000cam a2200000 i 4500 |
| 001 |
1/32337 |
| 008 |
060717s2002 eng d |
| 020 |
|
|
|a 1-901095-11-8
|
| 035 |
|
|
|l 10084649
|
| 040 |
|
|
|a GR-MY-UA
|b gre
|e aacr
|
| 041 |
0 |
|
|a eng
|
| 082 |
0 |
|
|a 428.0071
|2 (22)
|
| 245 |
1 |
0 |
|a IATEFL :
|b 36th International Annual Conference, York, 24-27 March 2002 /
|c edited by Alan Pulverness ; editorial committee Jonathan Marks, Amos Paran, Silvana Richardson
|
| 246 |
3 |
3 |
|a IATEFL 2002
|
| 260 |
|
|
|a Whitstable :
|b IATEFL,
|c 2002
|
| 300 |
|
|
|a 139 σ.;
|c 21 εκ.
|
| 500 |
|
|
|a Επιλεγμένα πρακτικά συνεδρίου
|
| 650 |
0 |
0 |
|a English language
|x Study and teaching
|x Foreign speakers
|x Congresses.
|
| 700 |
1 |
|
|a Pulverness, Alan.
|4 edt
|
| 710 |
2 |
|
|a International Association of Teachers of English as a Foreign Language
|b International Conference.
|
| 852 |
|
|
|a INST
|b LESVOS
|e 20060717
|h 428.0071 INT
|p 005100036321
|q 005100036321
|t BK
|y 0
|
| 901 |
|
|
|a BIBL1-2006-2
|
| 909 |
|
|
|a Λ
|b 128965
|
| 970 |
|
|
|a ΚΑΡΑ
|b ΓΙΑΣΕΜΗ
|z 2006/07/17
|